| 000 | 00607nam a22001937a 4500 | ||
|---|---|---|---|
| 999 |
_c175047 _d175047 |
||
| 005 | 20200805143707.0 | ||
| 010 | _aENG-128312 | ||
| 020 |
_c625.00 _a9789352837298 |
||
| 035 | _aEN-111844 | ||
| 037 | _bDBAD/PUB | ||
| 082 | _a546 | ||
| 100 | _aMadan,R.D | ||
| 245 |
_aSatya Prakash's Modern inorganic Chemistry/ _cby R.D.Madan |
||
| 250 | _arev ed. | ||
| 260 |
_aNew Delhi _bS.Chand _c2019 |
||
| 270 |
_aHead Office:7361,Ram Nagar,Qutab Rord _bNew Delhi _e110055 _k23672080 _l91-11-23677446 _minfo@schandpublishing.com |
||
| 300 |
_aviii;1520p. _c24cm(pbk) |
||
| 942 |
_2ddc _cEN _h546 _mMAD |
||